Central Library OPAC University of Rajshahi

Essays on modernization of underdeveloped societies / (Record no. 6854)

MARC details
000 -LEADER
fixed length control field 00995nam a2200265 a 4500
001 - CONTROL NUMBER
control field 6854
003 - CONTROL NUMBER IDENTIFIER
rucl marc code UkOxU
005 - DATE AND TIME OF LATEST TRANSACTION
control field 20211208234327.0
008 - FIXED-LENGTH DATA ELEMENTS--GENERAL INFORMATION
fixed length control field 120114s1971 ii 011 0 eng d
035 ## - SYSTEM CONTROL NUMBER
System control number CURL 020000174580(Edi) from lxc2
040 ## - CATALOGING SOURCE
Original cataloging agency DLC
Transcribing agency DLC
Modifying agency m.c
-- EUX
Language of cataloging eng
041 ## - LANGUAGE CODE
Language code of text/sound track or separate title eng
082 ## - DEWEY DECIMAL CLASSIFICATION NUMBER
Classification number 301.29
Author mark and year ESS 1971
245 00 - TITLE STATEMENT
Title Essays on modernization of underdeveloped societies /
Statement of responsibility, etc. editor: A. R. Desai
260 ## - PUBLICATION, DISTRIBUTION, ETC. (IMPRINT)
Place of publication, distribution, etc. Bombay :
Name of publisher, distributor, etc. Thacker,
Date of publication, distribution, etc. 1971
300 ## - PHYSICAL DESCRIPTION
Pagination 2 v ;
Size 26 cm
500 ## - GENERAL NOTE
General note Papers contributed by Indian and foreign sociologists to a seminar organised by the Dept. of Sociology, University of Bombay, on the occasion of the 1969 golden jubilee celebration of the department
650 #0 - SUBJECT ADDED ENTRY--TOPICAL TERM
Topical term or geographic name as entry element Social history.
9 (RLIN) 16899
651 #0 - SUBJECT ADDED ENTRY--GEOGRAPHIC NAME
Geographic name Developing countries
General subdivision Social conditions
9 (RLIN) 6938
700 1# - ADDED ENTRY--PERSONAL NAME
Personal name Desai, Akshayakumar Ramanlal.
710 2# - ADDED ENTRY--CORPORATE NAME
Corporate name or jurisdiction name as entry element University of Bombay.
Subordinate unit Department of Sociology.
9 (RLIN) 21527
942 ## - ADDED ENTRY ELEMENTS (KOHA)
Source of classification or shelving scheme Dewey Decimal Classification
Koha item type Books
Holdings
Lost status Source of classification or shelving scheme Materials specified (bound volume or other part) Damaged status Not for loan Collection code Permanent Location Current Location Shelving location Date acquired Source of acquisition Total Checkouts Full call number Date last seen Copy number Koha item type
  Dewey Decimal Classification V-1   Not For Loan Non-fiction Central Library, University of Rajshahi Central Library, University of Rajshahi   22/06/1974 INDIA GOVT   301.29 ESS 1971 12/01/2014 C-1 Books
  Dewey Decimal Classification       Non-fiction Central Library, University of Rajshahi Central Library, University of Rajshahi   22/06/1974 Indian Govt   301.29 ESS 1971 20/11/2016 C-2 Books